[Event "Heusenstamm Schloss op"]
[Site "Heusenstamm"]
[Date "2023.11.26"]
[Round "7"]
[White "Weiss, Matthias"]
[Black "Fuessel, Jan Michael"]
[Result "1-0"]
[WhiteElo "1983"]
[BlackElo "1720"]
[PlyCount "49"]
[EventDate "2023.11.23"]
[EventType "swiss"]
[EventRounds "7"]
[EventCountry "GER"]
[SourceTitle "CB50_2023"]
[SourceDate "2023.12.13"]
[SourceVersion "1"]
[SourceVersionDate "2023.12.13"]
[SourceQuality "1"]

1. e4 c5 2. Nf3 Nc6 3. Bb5 d6 4. 0-0 Bd7 5. Re1 e5 6. c3 Nge7 7. d4 Qb6 8. Bxc6 Nxc6 9. d5 Ne7 10. c4 h6 11. Nc3 f5 12. Rb1 0-0-0 13. a3 f4 14. b4 g5 15. Re2 Ng6 16. Reb2 Qa6 17. b5 Qa5 18. Bd2 Qb6 19. Na4 Qc7 20. b6 Qb8 21. bxa7 Qxa7 22. Rxb7 Bxa4 23. Rxa7 Bxd1 24. Ba5 Re8 25. Rc7+ 1-0

[Event "Heusenstamm Schloss op"]
[Site "Heusenstamm"]
[Date "2023.11.25"]
[Round "5"]
[White "Fuessel, Jan Michael"]
[Black "Guertler, Karl Heinz"]
[Result "1-0"]
[WhiteElo "1720"]
[BlackElo "1871"]
[PlyCount "157"]
[EventDate "2023.11.23"]
[EventType "swiss"]
[EventRounds "7"]
[EventCountry "GER"]
[SourceTitle "CB50_2023"]
[SourceDate "2023.12.13"]
[SourceVersion "1"]
[SourceVersionDate "2023.12.13"]
[SourceQuality "1"]

1. b3 Nf6 2. Bb2 g6 3. e3 Bg7 4. Nf3 0-0 5. c4 d6 6. d4 Bg4 7. Be2 Re8 8. 0-0 Nc6 9. d5 Nb4 10. a3 Na6 11. Nc3 Ne4 12. Qc2 Nxc3 13. Bxc3 Bxc3 14. Qxc3 e5 15. dxe6 Bxe6 16. b4 Qe7 17. Rfd1 Rad8 18. Rac1 Nb8 19. Nd2 Bd7 20. Bd3 Bg4 21. Re1 Qe5 22. Qd4 Qxd4 23. exd4 Nc6 24. f3 Bd7 25. Nb3 Ne7 26. Be4 Ba4 27. Nd2 c6 28. Bc2 Bxc2 29. Rxc2 Nf5 30. Rxe8+ Rxe8 31. Ne4 Kg7 32. d5 Nd4 33. Rd2 Nb3 34. Rd3 Nc1 35. Rd1 cxd5 36. cxd5 Rc8 37. Nxd6 Rc2 38. Ne4 Ne2+ 39. Kf1 Nf4 40. Nf2 Rc7 41. g3 Nh5 42. Nd3 Nf6 43. d6 Rc8 44. Nc5 b6 45. Na6 Nd7 46. Nc7 Kf6 47. f4 h5 48. Kf2 Rd8 49. Kf3 Kg7 50. Rd3 Nf6 51. Nb5 Rd7 52. Nc7 Kf8 53. h3 Ne8 54. Nxe8 Kxe8 55. Ke4 Rd8 56. Kd5 Rc8 57. Re3+ Kd8 58. Re7 Rc3 59. Rxa7 Rxg3 60. Kc6 Rc3+ 61. Kxb6 Rxh3 62. Rxf7 Rxa3 63. Rg7 Rg3 64. Kc6 Rc3+ 65. Kd5 Rb3 66. Rxg6 Rxb4 67. Rg8+ Kd7 68. Rg7+ Kd8 69. f5 Rf4 70. Ke5 Rf1 71. Rh7 Re1+ 72. Kf6 Rd1 73. Ke6 Re1+ 74. Kf7 Kd7 75. Rxh5 Kxd6 76. f6 Ra1 77. Kg6 Ra6 78. f7 Ke7+ 79. Kg7 1-0

[Event "Heusenstamm Schloss op"]
[Site "Heusenstamm"]
[Date "2023.11.25"]
[Round "4"]
[White "Hebauf, Markus"]
[Black "Fuessel, Jan Michael"]
[Result "0-1"]
[WhiteElo "1518"]
[BlackElo "1720"]
[PlyCount "48"]
[EventDate "2023.11.23"]
[EventType "swiss"]
[EventRounds "7"]
[EventCountry "GER"]
[SourceTitle "CB50_2023"]
[SourceDate "2023.12.13"]
[SourceVersion "1"]
[SourceVersionDate "2023.12.13"]
[SourceQuality "1"]

1. d4 d5 2. c4 e6 3. Nf3 Nf6 4. Bg5 Be7 5. Nc3 Nbd7 6. e3 0-0 7. Bd3 dxc4 8. Bxc4 b6 9. 0-0 Bb7 10. a3 Ne4 11. Bxe7 Qxe7 12. Nxe4 Bxe4 13. Bd3 Bb7 14. Qc2 Bxf3 15. gxf3 Nf6 16. Kh1 c5 17. dxc5 Rac8 18. c6 Qd6 19. Rac1 Qd5 20. Be4 Nxe4 21. Qxe4 Qxe4 22. fxe4 Rc7 23. Rfd1 Rfc8 24. Rd7 Rxd7 0-1

[Event "Heusenstamm Schloss op"]
[Site "Heusenstamm"]
[Date "2023.11.24"]
[Round "2"]
[White "Fuessel, Jan Michael"]
[Black "Mohr, Thomas"]
[Result "0-1"]
[WhiteElo "1720"]
[BlackElo "1857"]
[PlyCount "62"]
[EventDate "2023.11.23"]
[EventType "swiss"]
[EventRounds "7"]
[EventCountry "GER"]
[SourceTitle "CB50_2023"]
[SourceDate "2023.12.13"]
[SourceVersion "1"]
[SourceVersionDate "2023.12.13"]
[SourceQuality "1"]

1. b3 d5 2. Bb2 Nf6 3. e3 c5 4. Nf3 Nc6 5. Be2 e6 6. 0-0 Be7 7. d4 0-0 8. c4 cxd4 9. Nxd4 Nxd4 10. Bxd4 dxc4 11. Bxc4 b6 12. Qf3 Bd7 13. Nc3 Qe8 14. Rac1 Bc6 15. Qh3 Bd8 16. Rfd1 e5 17. Ne2 exd4 18. Rxd4 Bb5 19. Ng3 Bxc4 20. Rcxc4 Qe6 21. Nf5 b5 22. Rc1 g6 23. Nh6+ Kg7 24. g4 Bb6 25. Rf4 Rac8 26. Re1 Bc7 27. Rf3 Ne4 28. Nf5+ Kh8 29. Nd4 Ng5 30. Qh6 Nxf3+ 31. Nxf3 Qxg4+ 0-1

[Event "Heusenstamm Schloss op"]
[Site "Heusenstamm"]
[Date "2023.11.24"]
[Round "3"]
[White "Van den Hoff, Damien"]
[Black "Fuessel, Jan Michael"]
[Result "1-0"]
[WhiteElo "1825"]
[BlackElo "1720"]
[PlyCount "93"]
[EventDate "2023.11.23"]
[EventType "swiss"]
[EventRounds "7"]
[EventCountry "GER"]
[SourceTitle "CB50_2023"]
[SourceDate "2023.12.13"]
[SourceVersion "1"]
[SourceVersionDate "2023.12.13"]
[SourceQuality "1"]

1. e4 c5 2. Nf3 Nc6 3. c3 d5 4. exd5 Qxd5 5. d4 cxd4 6. cxd4 Bg4 7. Be2 Nf6 8. Nc3 Qa5 9. 0-0 e6 10. h3 Bh5 11. Qb3 Qb4 12. Qd1 Bd6 13. a3 Qa5 14. Qb3 Rb8 15. Be3 a6 16. Qc4 0-0 17. b4 Qd8 18. Rad1 Rc8 19. Qb3 Ne7 20. Bg5 Nfd5 21. Nxd5 exd5 22. Rfe1 f6 23. Be3 Bb8 24. g3 Nf5 25. Bc1 Bf7 26. Bd3 Nd6 27. Qb1 g6 28. h4 Qd7 29. Kg2 Rfe8 30. h5 Qg4 31. Rh1 Ne4 32. Rh4 Qe6 33. Re1 f5 34. Ng5 Qd7 35. Nxf7 Qxf7 36. hxg6 Qxg6 37. Bf4 Bxf4 38. Rxf4 Rc3 39. Re3 Kh8 40. Bxe4 Rxe3 41. Bxf5 Rxg3+ 42. fxg3 Qh5 43. Bg4 Qh6 44. Qf5 Qc6 45. Bh5 Rc8 46. Qe5+ Kg8 47. Rg4+ 1-0

[Event "Heusenstamm Sparkassen op-A 7th"]
[Site "Heusenstamm"]
[Date "2021.11.20"]
[Round "5.66"]
[White "Ehrlacher, Markus"]
[Black "Fuessel, Jan Michael"]
[Result "1-0"]
[WhiteElo "1902"]
[BlackElo "1799"]
[PlyCount "91"]
[EventDate "2021.11.18"]
[EventType "swiss"]
[EventRounds "7"]
[EventCountry "GER"]
[SourceTitle "EXT 2023"]
[Source "ChessBase"]
[SourceDate "2022.10.05"]
[SourceVersion "1"]
[SourceVersionDate "2022.10.05"]
[SourceQuality "1"]

1. c4 c5 2. g3 Nc6 3. Bg2 g6 4. e4 Bg7 5. Ne2 d6 6. 0-0 e5 7. Nbc3 Nge7 8. d3 0-0 9. Be3 Nd4 10. Rb1 Rb8 11. a3 Bg4 12. h3 Bf3 13. Bxf3 Nxf3+ 14. Kg2 Nd4 15. Nd5 f5 16. Nxd4 Nxd5 17. Ne6 Nxe3+ 18. fxe3 Qe7 19. Nxf8 Rxf8 20. exf5 gxf5 21. e4 f4 22. Rf3 Bh6 23. b4 Kh8 24. bxc5 dxc5 25. Qb3 b6 26. a4 fxg3 27. Rxf8+ Qxf8 28. Rf1 Bf4 29. Qb5 Qd8 30. Rf3 Kg7 31. a5 Qd4 32. axb6 axb6 33. Qxb6 h6 34. Qb3 Kh7 35. Qc2 Qa1 36. Rf1 Qd4 37. Qe2 Qc3 38. Rb1 Qd4 39. Rb7+ Kh8 40. Rb8+ Kh7 41. Rb7+ Kh8 42. Qa2 Bg5 43. Qb2 Qd6 44. Qb5 Be7 45. Qe8+ Bf8 46. Qf7 1-0

[Event "Heusenstamm Sparkassen op-A 7th"]
[Site "Heusenstamm"]
[Date "2021.11.20"]
[Round "4.76"]
[White "Fuessel, Jan Michael"]
[Black "Margaryan, Susanna"]
[Result "1-0"]
[WhiteElo "1799"]
[BlackElo "1517"]
[PlyCount "51"]
[EventDate "2021.11.18"]
[EventType "swiss"]
[EventRounds "7"]
[EventCountry "GER"]
[SourceTitle "EXT 2023"]
[Source "ChessBase"]
[SourceDate "2022.10.05"]
[SourceVersion "1"]
[SourceVersionDate "2022.10.05"]
[SourceQuality "1"]

1. b3 d5 2. e3 Bf5 3. Nf3 Nf6 4. Bb2 e6 5. Be2 c5 6. 0-0 Bd6 7. d4 0-0 8. dxc5 Bxc5 9. c4 Nbd7 10. Nc3 dxc4 11. Bxc4 a6 12. Nd4 Bg6 13. Rc1 Bxd4 14. Qxd4 b5 15. Be2 Nb6 16. Qe5 Qd2 17. Ba3 Qd8 18. Bxf8 Qxf8 19. Rfd1 Nfd7 20. Qd6 Qe8 21. Bf3 Ra7 22. Bc6 h6 23. a4 bxa4 24. Nxa4 Nxa4 25. Bxa4 Bh5 26. Bxd7 1-0

[Event "Heusenstamm Sparkassen op-A 6th"]
[Site "Heusenstamm"]
[Date "2019.11.24"]
[Round "6"]
[White "Modric, Vladimir"]
[Black "Fuessel, Jan Michael"]
[Result "1-0"]
[WhiteElo "1930"]
[BlackElo "1792"]
[PlyCount "80"]
[EventDate "2019.11.21"]
[EventType "swiss"]
[EventRounds "7"]
[EventCountry "GER"]
[SourceTitle "CBM 194 Extra"]
[Source "ChessBase"]
[SourceDate "2020.03.31"]
[SourceVersion "1"]
[SourceVersionDate "2020.03.31"]
[SourceQuality "1"]

1. e4 c5 2. d3 e6 3. Nf3 d5 4. Nbd2 Nf6 5. Be2 Be7 6. 0-0 0-0 7. Re1 Nc6 8. c3 d4 9. cxd4 Nxd4 10. Nxd4 cxd4 11. f4 Nd7 12. Bf3 e5 13. Nc4 f6 14. a4 Qc7 15. g3 Nb6 16. Nxb6 Qxb6 17. a5 Qb5 18. f5 Bd7 19. g4 Rfc8 20. Re2 Rc7 21. Rg2 Rac8 22. h4 Qc6 23. Qb3+ Kf8 24. g5 Bxf5 25. gxf6 Bxf6 26. Bg5 Be6 27. Qb4+ Qc5 28. Qe1 Qe7 29. Bd1 Kg8 30. Ba4 a6 31. Qd2 Rf8 32. Rf1 Bh3 33. Bxf6 Rxf6 34. Rxf6 Qxf6 35. Bb3+ Kh8 36. Rf2 Qd6 37. Qg5 h6 38. Qh5 Qb4 39. Qe8+ Kh7 40. Bg8+ Kh8 1-0

[Event "Hessenliga 1718"]
[Site "Hessen"]
[Date "2018.02.18"]
[Round "7.8"]
[White "Reinert, Stephane"]
[Black "Fuessel, Jan Michael"]
[Result "1-0"]
[WhiteElo "2113"]
[BlackElo "1772"]
[PlyCount "69"]
[EventDate "2017.09.17"]
[EventType "team-tourn"]
[EventRounds "9"]
[EventCountry "GER"]
[SourceTitle "CBM 189 Extra"]
[Source "ChessBase"]
[SourceDate "2019.06.03"]
[SourceVersion "1"]
[SourceVersionDate "2019.06.03"]
[SourceQuality "1"]
[WhiteTeam "Bad Nauheim"]
[BlackTeam "Offenbach"]
[WhiteTeamCountry "GER"]
[BlackTeamCountry "GER"]

1. d4 d5 2. Nf3 Nf6 3. e3 e6 4. Bd3 Bd6 5. b3 0-0 6. Bb2 Nbd7 7. Nbd2 c5 8. Ne5 Qc7 9. f4 a6 10. a4 cxd4 11. exd4 Bb4 12. 0-0 Bc3 13. Bxc3 Qxc3 14. Ndf3 Ne4 15. Qe2 f5 16. Rad1 Ndf6 17. g3 Rd8 18. Kg2 Bd7 19. Ng5 Nxg5 20. fxg5 Ne4 21. g6 Be8 22. gxh7+ Kxh7 23. Rf4 g5 24. Rff1 Qxd4 25. Nf3 Qg7 26. Qe3 g4 27. Bxe4 gxf3+ 28. Bxf3 Bf7 29. Rd4 Rac8 30. Rh4+ Kg8 31. Rf2 Rc3 32. Qf4 Qf6 33. Bh5 Rdc8 34. Bxf7+ Qxf7 35. Qh6 1-0

[Event "Heusenstamm Sparkassen op-B 4th"]
[Site "Heusenstamm"]
[Date "2017.11.26"]
[Round "7"]
[White "Bach, Oliver"]
[Black "Fuessel, Jan Michael"]
[Result "0-1"]
[WhiteElo "1599"]
[BlackElo "1772"]
[PlyCount "96"]
[EventDate "2017.11.23"]
[EventType "swiss"]
[EventRounds "7"]
[EventCountry "GER"]
[SourceTitle "EXT 2019"]
[Source "ChessBase"]
[SourceDate "2018.10.10"]
[SourceVersion "1"]
[SourceVersionDate "2018.10.10"]
[SourceQuality "1"]

1. d4 d5 2. c4 e6 3. Nc3 Nf6 4. Nf3 c6 5. e3 Bd6 6. c5 Bc7 7. Bd3 0-0 8. 0-0 Nbd7 9. b4 e5 10. dxe5 Nxe5 11. h3 Re8 12. Bb2 Qe7 13. Na4 Nxd3 14. Qxd3 Nd7 15. Qd4 Ne5 16. Nxe5 Bxe5 17. Qd3 Qh4 18. f4 Bxb2 19. Nxb2 Qf6 20. Qd2 Bf5 21. Rf3 Be4 22. Rf2 Re6 23. Re1 Rae8 24. Nd3 Bxd3 25. Qxd3 Re4 26. Qd2 Rc4 27. Rc1 Ree4 28. Rxc4 Rxc4 29. Qb2 Qf5 30. a3 Qe4 31. Rf3 f6 32. Rg3 Kf7 33. Kh2 Qd3 34. b5 Qc2 35. Qa1 cxb5 36. Qe1 Qc3 37. Qb1 Rxc5 38. Qxh7 f5 39. Qxf5+ Kg8 40. Qe6+ Kh7 41. Qg6+ Kh8 42. Qe8+ Kh7 43. Rg5 Rc6 44. Rh5+ Rh6 45. Rxd5 Qc6 46. Qe4+ Rg6 47. Rh5+ Kg8 48. Qe7 Qxg2# 0-1

[Event "Heusenstamm Sparkassen op-B 3rd"]
[Site "Heusenstamm"]
[Date "2016.11.27"]
[Round "2"]
[White "Fuessel, Jan Michael"]
[Black "Bayer, Melissa"]
[Result "1/2-1/2"]
[WhiteElo "1754"]
[BlackElo "1552"]
[PlyCount "108"]
[EventDate "2016.11.27"]
[EventType "swiss"]
[EventRounds "7"]
[EventCountry "GER"]
[SourceTitle "EXT 2018"]
[Source "ChessBase"]
[SourceDate "2017.10.13"]
[SourceVersion "1"]
[SourceVersionDate "2017.10.13"]
[SourceQuality "1"]

1. b3 e5 2. Bb2 Nc6 3. e3 d5 4. Bb5 Bd6 5. f4 Qe7 6. Nf3 Bg4 7. h3 Bxf3 8. Qxf3 Nf6 9. fxe5 Bxe5 10. Bxc6+ bxc6 11. Bxe5 Qxe5 12. Nc3 0-0 13. 0-0 d4 14. exd4 Qxd4+ 15. Qf2 Rad8 16. Qxd4 Rxd4 17. d3 Nd5 18. Nxd5 cxd5 19. Rae1 f6 20. Re7 Rf7 21. Rfe1 g6 22. Re8+ Kg7 23. R1e7 Rb4 24. Rxf7+ Kxf7 25. Ra8 Rb7 26. a4 Ke7 27. a5 c6 28. a6 Rc7 29. Kf2 Kd6 30. Rb8 c5 31. c4 dxc4 32. bxc4 Rc6 33. Rb7 Rxa6 34. Rxh7 Ra2+ 35. Kf3 Ke5 36. Rd7 Ra3 37. Rd5+ Ke6 38. Rxc5 Rxd3+ 39. Ke4 Kd6 40. Ra5 Rc3 41. Ra6+ Kc5 42. Rxa7 Rxc4+ 43. Ke3 Kd5 44. Rg7 g5 45. Re7 Rc3+ 46. Kf2 Kd6 47. Re8 Rc5 48. g4 Rc2+ 49. Kf3 Rc3+ 50. Kg2 Rc4 51. Kg3 Rc3+ 52. Kg2 Rc2+ 53. Kf3 Rc4 54. Kg3 Rc3+ 1/2-1/2

[Event "Wiesbaden op 28th"]
[Site "Wiesbaden"]
[Date "2016.08.28"]
[Round "7"]
[White "Fuessel, Jan Michael"]
[Black "Modric, Vladimir"]
[Result "0-1"]
[WhiteElo "1718"]
[BlackElo "1986"]
[PlyCount "53"]
[EventDate "2016.08.25"]
[EventType "swiss"]
[EventRounds "7"]
[EventCountry "GER"]
[SourceTitle "CBM 174 Extra"]
[Source "ChessBase"]
[SourceDate "2016.10.10"]
[SourceVersion "1"]
[SourceVersionDate "2016.10.10"]
[SourceQuality "1"]

1. b3 e6 2. Bb2 f5 3. e3 Nf6 4. Nf3 Be7 5. Be2 d6 6. c4 0-0 7. 0-0 e5 8. d3 Nc6 9. Nc3 Kh8 10. Nd5 Be6 11. Nxe7 Qxe7 12. Ba3 b6 13. Rc1 a5 14. d4 e4 15. Nd2 Nb4 16. Ra1 Bd7 17. d5 Rae8 18. Bb2 f4 19. exf4 e3 20. Bxf6 Rxf6 21. Nf3 Rxf4 22. a3 Na6 23. Ra2 Nc5 24. Bd3 Nxd3 25. Qxd3 Rxf3 26. gxf3 e2 27. Re1 0-1

[Event "Wiesbaden op 28th"]
[Site "Wiesbaden"]
[Date "2016.08.25"]
[Round "1"]
[White "Fuessel, Jan Michael"]
[Black "Biastoch, Bennet"]
[Result "0-1"]
[WhiteElo "1718"]
[BlackElo "2083"]
[PlyCount "82"]
[EventDate "2016.08.25"]
[EventType "swiss"]
[EventRounds "7"]
[EventCountry "GER"]
[SourceTitle "CBM 174 Extra"]
[Source "ChessBase"]
[SourceDate "2016.10.10"]
[SourceVersion "1"]
[SourceVersionDate "2016.10.10"]
[SourceQuality "1"]

1. b3 e5 2. Bb2 Nc6 3. e3 Nf6 4. Bb5 d6 5. Nf3 Bg4 6. d3 Be7 7. h3 Bh5 8. 0-0 0-0 9. Bxc6 bxc6 10. Nbd2 Qd7 11. c4 Rae8 12. Qc2 h6 13. Rac1 Qe6 14. c5 Nd5 15. cxd6 cxd6 16. Qxc6 Nb4 17. Qc4 d5 18. Qc7 Nxd3 19. Rc6 Rc8 20. Rxe6 Rxc7 21. Rxe7 Rxe7 22. Ba3 Rc7 23. Bxf8 Kxf8 24. g4 Bg6 25. Nb1 Nc1 26. Na3 Bd3 27. Re1 f6 28. Nd2 Nxa2 29. e4 dxe4 30. Nxe4 Bxe4 31. Rxe4 Rc3 32. Nb5 Rxb3 33. Nxa7 Rxh3 34. Rc4 Rc3 35. Ra4 Rc1+ 36. Kg2 Nc3 37. Rb4 Nd5 38. Rb5 Nf4+ 39. Kg3 Rg1+ 40. Kf3 Ne6 41. Nc6 Ng5+ 0-1

[Event "Heusenstamm Sparkassen op-A 2nd"]
[Site "Heusenstamm"]
[Date "2015.11.29"]
[Round "6"]
[White "Fuessel, Jan Michael"]
[Black "Schwarz, Matthias"]
[Result "0-1"]
[WhiteElo "1788"]
[BlackElo "1641"]
[PlyCount "70"]
[EventDate "2015.11.26"]
[EventType "swiss"]
[EventRounds "7"]
[EventCountry "GER"]
[SourceTitle "EXT 2018"]
[Source "ChessBase"]
[SourceDate "2017.10.13"]
[SourceVersion "1"]
[SourceVersionDate "2017.10.13"]
[SourceQuality "1"]

1. b3 e5 2. Bb2 Nc6 3. e3 d5 4. Bb5 Bd6 5. f4 Qe7 6. Nf3 Bg4 7. fxe5 Bxe5 8. Bxe5 Bxf3 9. Qxf3 Qxe5 10. Nc3 Nf6 11. 0-0 0-0 12. Bxc6 bxc6 13. Qf4 Rfe8 14. Rae1 Qd6 15. e4 dxe4 16. Nxe4 Qd4+ 17. Kh1 Rxe4 18. Rxe4 Qxe4 19. Qxc7 Re8 20. h3 Qxc2 21. Qxa7 Qxd2 22. a4 Qd3 23. Rf3 Re1+ 24. Kh2 Qd6+ 25. Rg3 h6 26. Qf2 Rd1 27. Qf3 Rd4 28. Qf5 Rd5 29. Qf3 Rg5 30. h4 Rh5 31. Kg1 Qc5+ 32. Qe3 Qd5 33. Qd3 Rxh4 34. Qf3 Qd4+ 35. Qe3 Qd1+ 0-1

[Event "Heusenstamm Sparkassen op-A 2nd"]
[Site "Heusenstamm"]
[Date "2015.11.28"]
[Round "4"]
[White "Fuessel, Jan Michael"]
[Black "Pabel, Ralph"]
[Result "0-1"]
[WhiteElo "1788"]
[BlackElo "1938"]
[PlyCount "66"]
[EventDate "2015.11.26"]
[EventType "swiss"]
[EventRounds "7"]
[EventCountry "GER"]
[SourceTitle "EXT 2018"]
[Source "ChessBase"]
[SourceDate "2017.10.13"]
[SourceVersion "1"]
[SourceVersionDate "2017.10.13"]
[SourceQuality "1"]

1. b3 d5 2. e3 e5 3. Bb2 Nd7 4. c4 Ngf6 5. Nf3 e4 6. Ne5 Nxe5 7. Bxe5 c6 8. Be2 dxc4 9. Bxc4 Ng4 10. Bg3 Bd6 11. Bxd6 Qxd6 12. Nc3 f5 13. f4 exf3 14. Qxf3 Ne5 15. Qf4 h6 16. h4 Nxc4 17. Qxc4 Be6 18. Qe2 0-0-0 19. 0-0-0 Qa3+ 20. Kb1 Rhe8 21. d4 Re7 22. Qf3 Qa5 23. Kb2 Kb8 24. Rhe1 Red7 25. Qg3+ Ka8 26. Ne2 Bd5 27. Qe5 Qb4 28. Nf4 g5 29. hxg5 hxg5 30. Ne6 Bxe6 31. Qxe6 Rd5 32. a3 Qf8 33. b4 R8d6 0-1

[Event "Heusenstamm Schloss op 1st"]
[Site "Heusenstamm"]
[Date "2014.11.23"]
[Round "7"]
[White "Fuessel, Jan Michael"]
[Black "Schindelmeiser, Frank"]
[Result "1/2-1/2"]
[WhiteElo "1565"]
[BlackElo "1834"]
[PlyCount "51"]
[EventDate "2014.11.20"]
[EventType "swiss"]
[EventRounds "7"]
[EventCountry "GER"]
[SourceTitle "CBM 163 Extra"]
[Source "ChessBase"]
[SourceDate "2014.12.23"]
[SourceVersion "1"]
[SourceVersionDate "2014.12.23"]
[SourceQuality "1"]

1. b3 c5 2. Bb2 Nc6 3. e3 e6 4. Nf3 Nf6 5. d4 cxd4 6. Nxd4 Nxd4 7. Qxd4 Qa5+ 8. Nd2 d5 9. c3 Bd6 10. Be2 0-0 11. 0-0 Qc7 12. h3 e5 13. Qd3 e4 14. Qc2 Re8 15. c4 Be5 16. Rac1 Bxb2 17. Qxb2 Qe7 18. cxd5 Nxd5 19. Bb5 Rd8 20. Rfd1 Bf5 21. Nf1 Nc7 22. Be2 Ne6 23. Ng3 Bg6 24. Qe5 f6 25. Qa5 b6 26. Qa4 1/2-1/2

[Event "Heusenstamm Schloss op 1st"]
[Site "Heusenstamm"]
[Date "2014.11.23"]
[Round "6"]
[White "Gelfenbaum, Daniel"]
[Black "Fuessel, Jan Michael"]
[Result "0-1"]
[WhiteElo "1715"]
[BlackElo "1565"]
[PlyCount "44"]
[EventDate "2014.11.20"]
[EventType "swiss"]
[EventRounds "7"]
[EventCountry "GER"]
[SourceTitle "CBM 163 Extra"]
[Source "ChessBase"]
[SourceDate "2014.12.23"]
[SourceVersion "1"]
[SourceVersionDate "2014.12.23"]
[SourceQuality "1"]

1. e4 c6 2. d4 d5 3. Nc3 dxe4 4. Nxe4 Bf5 5. Ng3 Bg6 6. h4 h6 7. Nf3 e6 8. h5 Bh7 9. Bd3 Bxd3 10. Qxd3 Nf6 11. Bd2 Nbd7 12. 0-0-0 Be7 13. Qe2 0-0 14. Ne5 Rc8 15. Rhe1 Qc7 16. Ng6 Rfe8 17. Nxe7+ Rxe7 18. Nf5 Ree8 19. Nh4 c5 20. Be3 Qa5 21. a3 cxd4 22. Bxd4 Qg5+ 0-1

[Event "Hofheim Spring op-C 2nd"]
[Site "Hofheim"]
[Date "2014.04.24"]
[Round "2"]
[White "Droeser, Wolfgang"]
[Black "Fuessel, Jan Michael"]
[Result "0-1"]
[WhiteElo "1474"]
[BlackElo "1306"]
[PlyCount "120"]
[EventDate "2014.04.23"]
[EventType "swiss"]
[EventRounds "7"]
[EventCountry "GER"]
[SourceTitle "CBM 160 Extra"]
[Source "ChessBase"]
[SourceDate "2014.07.01"]
[SourceVersion "1"]
[SourceVersionDate "2014.07.01"]
[SourceQuality "1"]

1. f4 d5 2. Nf3 Nf6 3. e3 Bg4 4. Be2 g6 5. b3 Bg7 6. Bb2 0-0 7. 0-0 c5 8. c4 dxc4 9. Bxc4 Nc6 10. a3 Na5 11. Be2 Qb6 12. b4 cxb4 13. axb4 Nc6 14. b5 a6 15. Na3 axb5 16. Bxb5 Rfd8 17. h3 Be6 18. Qe2 Ne4 19. Bxg7 Kxg7 20. Kh2 Qc5 21. Rfc1 Qd6 22. Nc4 Bxc4 23. Qxc4 Rxa1 24. Rxa1 Nxd2 25. Qc3+ f6 26. Nh4 Ne4 27. Qe1 Qd2 28. Qxd2 Rxd2 29. Nf3 Rb2 30. Bd3 Nc5 31. Bc4 b5 32. Bd5 Nb4 33. Ba8 Nc2 34. Ra7 Kf8 35. Rc7 Na4 36. Rc8+ Kg7 37. e4 Nb6 38. Re8 Nxa8 39. Rxa8 Ne3 40. Nh4 Nf1+ 41. Kg1 Ng3 42. Ra7 Kf7 43. f5 Nxe4 44. fxg6+ hxg6 45. Kh2 b4 46. Nxg6 Kxg6 47. Rxe7 Ng5 48. h4 Nf3+ 49. Kg3 Nd4 50. Kh3 b3 51. g4 f5 52. h5+ Kh6 53. gxf5 Nxf5 54. Re5 Rf2 55. Kg4 b2 56. Re6+ Kh7 57. Re1 Ne3+ 58. Rxe3 b1Q 59. Re7+ Kg8 60. Re6 Qg1+ 0-1

[Event "Hofheim Spring op-C 2nd"]
[Site "Hofheim"]
[Date "2014.04.24"]
[Round "3"]
[White "Fuessel, Jan Michael"]
[Black "Engel, Jan"]
[Result "1/2-1/2"]
[WhiteElo "1306"]
[BlackElo "1212"]
[PlyCount "101"]
[EventDate "2014.04.23"]
[EventType "swiss"]
[EventRounds "7"]
[EventCountry "GER"]
[SourceTitle "CBM 160 Extra"]
[Source "ChessBase"]
[SourceDate "2014.07.01"]
[SourceVersion "1"]
[SourceVersionDate "2014.07.01"]
[SourceQuality "1"]

1. c4 c5 2. g3 Nf6 3. Bg2 Nc6 4. Nc3 d6 5. Nf3 g6 6. 0-0 Bg7 7. d4 cxd4 8. Nxd4 Bd7 9. Bg5 0-0 10. Rc1 Rc8 11. a3 Qb6 12. Nxc6 Bxc6 13. b4 Bxg2 14. Kxg2 Rxc4 15. Qd2 Qc6+ 16. f3 Rc8 17. Na2 Qa6 18. Qe3 Nd5 19. Qd3 Rxc1 20. Qxa6 bxa6 21. Rxc1 Rxc1 22. Bxc1 Bd4 23. e4 Nb6 24. Kf1 d5 25. Ke2 dxe4 26. fxe4 Kg7 27. Kd3 Bg1 28. h3 Kf6 29. Nc3 Nd7 30. Nd5+ Ke6 31. Nc7+ Kd6 32. Nxa6 Kc6 33. Kc4 h5 34. Bb2 Bf2 35. g4 hxg4 36. hxg4 e6 37. Bc3 Kd6 38. b5 Ne5+ 39. Bxe5+ Kxe5 40. Nc5 Bxc5 41. Kxc5 Kxe4 42. b6 axb6+ 43. Kxb6 Kd4 44. a4 e5 45. a5 e4 46. a6 e3 47. a7 e2 48. a8Q e1Q 49. Qd8+ Kc3 50. Qc7+ Kd3 51. Qd8+ 1/2-1/2

[Event "Hofheim Spring op-C 2nd"]
[Site "Hofheim"]
[Date "2014.04.23"]
[Round "1"]
[White "Fuessel, Jan Michael"]
[Black "Schoengarth, Til"]
[Result "1-0"]
[WhiteElo "1306"]
[BlackElo "1047"]
[PlyCount "41"]
[EventDate "2014.04.23"]
[EventType "swiss"]
[EventRounds "7"]
[EventCountry "GER"]
[SourceTitle "CBM 160 Extra"]
[Source "ChessBase"]
[SourceDate "2014.07.01"]
[SourceVersion "1"]
[SourceVersionDate "2014.07.01"]
[SourceQuality "1"]

1. b3 e5 2. Bb2 Nc6 3. e3 d5 4. Bb5 Bd6 5. Nf3 Bg4 6. Be2 Nf6 7. d4 e4 8. Nfd2 Bxe2 9. Qxe2 0-0 10. a3 Qd7 11. c4 a6 12. cxd5 Nxd5 13. Nxe4 Qf5 14. Nxd6 cxd6 15. 0-0 Rae8 16. Rc1 Re6 17. Qc2 Qg5 18. Nc3 Rg6 19. g3 Nf6 20. Ne4 Rd8 21. Nxg5 1-0